Company law: (Record no. 60124)

MARC details
000 -LEADER
fixed length control field 00391nam a2200145 4500
005 - DATE AND TIME OF LATEST TRANSACTION
control field 20260203132344.0
008 - FIXED-LENGTH DATA ELEMENTS--GENERAL INFORMATION
fixed length control field 260203b |||||||| |||| 00| 0 eng d
050 ## - LIBRARY OF CONGRESS CALL NUMBER
Classification number KSK956
Item number .M65 2021
100 ## - MAIN ENTRY--PERSONAL NAME
Personal name Mokeria, Elizabeth
245 ## - TITLE STATEMENT
Title Company law:
Remainder of title study text
260 ## - PUBLICATION, DISTRIBUTION, ETC. (IMPRINT)
Place of publication, distribution, etc Nairobi, Kenya
Name of publisher, distributor, etc Strathmore University
Date of publication, distribution, etc 2021
300 ## - PHYSICAL DESCRIPTION
Extent 144 p.:
Dimensions 28 cm.
650 ## - SUBJECT ADDED ENTRY--TOPICAL TERM
Topical term or geographic name as entry element Accounting
942 ## - ADDED ENTRY ELEMENTS (KOHA)
Source of classification or shelving scheme Library of Congress Classification
Item type Book
Holdings
Withdrawn status Lost status Source of classification or shelving scheme Damaged status Not for loan Collection code Home library Current library Shelving location Date acquired Source of acquisition Cost, normal purchase price Total Checkouts Full call number Barcode Date last seen Copy number Price effective from Koha item type
    Library of Congress Classification   Not For Loan Non-fiction Bishop Okullu Memorial Library (Limuru Campus) Bishop Okullu Memorial Library (Limuru Campus) On Display 03/02/2026 Kaseneb donation 1500.00   KSK956 .M65 2021 073015 03/02/2026 1 03/02/2026 Book